000 00492nam a22001937a 4500
003 MPLRDC
005 20220104200558.0
008 210129b ||||| |||| 00| 0 eng d
020 _a978-957-33-3104-9
082 _a848.4 ZAL-33
100 _a张爱玲
245 _a少帅
_c郑远涛 译
250 _a初版八刷
260 _a台湾
_b皇冠文化出版有限公司
_c2016
300 _b
490 _a张看。看张: 2
650 _a现代别集
942 _cBK
_o848.4 ZAL-33
999 _c66764
_d66754